Classic Literature By Main Character Quiz Stats

 Plays Quiz Updated Mar 10, 2019

Score 0/18 Timer 05:00
2 Plays Today
% Correct
'The Silence
Of The Lambs'
Thomas Harris
⭐ ⭐ ⭐
89.2%
'To Kill A Mockingbird'
Harper Lee
⭐ ⭐ ⭐
88.8%
'Les Misérables'
Victor Hugo
⭐ ⭐ ⭐
87.2%
'Little Women'
Louisa M. Alcott
⭐ ⭐ ⭐
84.3%
'Charlotte's Web'
E. B. White
⭐ ⭐ ⭐
83.1%
'Breakfast At Tiffany's'
Truman Capote
⭐ ⭐ ⭐
81.9%
'The Catcher In
The Rye'
J.D. Salinger
⭐ ⭐ ⭐
81.6%
'The Lion, The Witch
And The Wardrobe'
C. S. Lewis
⭐ ⭐ ⭐
78.1%
'Death of a Salesman'
Arthur Miller
⭐ ⭐ ⭐
77.8%
% Correct
'The Scarlet Letter'
Nathanial Hawthorne
⭐ ⭐ ⭐
76.2%
'Nineteen Eighty-Four'
George Orwell
⭐ ⭐ ⭐
74.3%
'The Color Purple'
Alice Walker
⭐ ⭐ ⭐
71.9%
'A Streetcar
Named Desire'
Tennessee Williams
⭐ ⭐ ⭐
71.2%
'One Flew Over
The Cuckoo's Nest'
Ken Kesey
⭐ ⭐ ⭐
69.9%
'Hard Times'
Charles Dickens
⭐ ⭐ ⭐
64.7%
'The Maltese Falcon'
Dashiell Hammett
⭐ ⭐ ⭐
64.5%
'Lolita'
Vladimir Nabokov
⭐ ⭐ ⭐
64.3%
'The Big Sleep'
Raymond Chandler
⭐ ⭐ ⭐
55%

You're not logged in!

Compare scores with friends on all Sporcle quizzes.
OR
Log In

Sporcle TV

Today on Sporcle TV


Watch our educational content, quiz creation guides, and fun videos on Sporcle TV.

Show Comments

Extras

Top Quizzes Today


Score Distribution

Your Account Isn't Verified!

In order to create a playlist on Sporcle, you need to verify the email address you used during registration. Go to your Sporcle Settings to finish the process.

Report this User

Report this user for behavior that violates our Community Guidelines.

Details: